000 00520nam a2200181Ia 4500
005 20250508154931.0
008 008 250505s9999 xx 000 0 eng d
037 _aTextual
040 _aFEDL
_beng
_cFEDL
041 _aeng
_2eng
084 _a540, NAC
_qFEDL
245 0 _aChemistry 1: A study guide to be used with USAFI course C 514
245 0 _cNCERT
260 _aChicago, USA
_bThe University of Chicago Press
_c1960
300 _a151p.
942 _cTEXL
_h540, NAC
999 _c1352950
_d1352950